000 01334nam0a2200337 4500
001 RU\NLR\BIBL_A\022586713
005 20260420050934.0
010 _a978-5-222-40638-0
_94000
021 _aRU
_bКН-П-25-030695
_9КН-П-25-3035
035 _a(NLR Aleph) 022586713
090 _a13678380
_c13678380
100 _a20250717d2025 u y0rusy50 ca
101 1 _arus
_ctur
102 _aRU
105 _aa z 000ay
181 0 _ai3
_baxxe
181 0 _ab2
_bxb2e
182 0 _an
200 1 _aБыстро читающий червячок выполняет упражнения для развития навыков скорочтения
_fБетюль Ильтер
_gперевела с турецкого Ирина Далкылыч
_gиллюстратор Ознур Сёмнез
203 _aТекст
_bвизуальный
_cнепосредственный
210 _aРостов-на-Дону
_cФеникс, Феникс-Премьер
_d2025
215 _a127 с.
_cцв. ил.
_d22
333 _a0+
686 0 _aШ9(5Ту)60-4
700 1 _7ca
_8rus
_aИльтер
_bБ.
_gБетюль
_92648642
_3RU\NLR\AUTH\770276675
702 1 _aСёмнез
_bО.
_gОзнур
_4040
942 _cBOOK
980 _aNB